LEADER 01231nam a2200325 i 4500 001 991000725809707536 005 20020503200402.0 008 960305s1990 it ||| | ita 020 $a8813167342 035 $ab10120129-39ule_inst 035 $aLE02521174$9ExL 040 $aFac. Economia$bita 082 0 $a342.45 082 0 $a343.0998 100 1 $aLoiodice, Aldo$0235123 245 12$aI servizi dell'informazione /$cAldo Loiodice, Alberto Brighina, Giuseppe Corasaniti 260 $aPadova :$bCedam,$c1990 300 $axiii, 505 p. ;$c25 cm. 490 0 $aTrattato di diritto amministrativo ;$v15 650 4$aEditoria$xDiritto 650 4$aStampa$xDiritto 700 1 $aBrighina, Alberto$eauthor$4http://id.loc.gov/vocabulary/relators/aut$0237298 700 1 $aCorasaniti, Giuseppe$eauthor$4http://id.loc.gov/vocabulary/relators/aut$0145078 740 0 $aEditoria e Stampa 907 $a.b10120129$b17-02-17$c27-06-02 912 $a991000725809707536 945 $aLE025 ECO 342 TRA01.01$cV. 15.1$g1$i2025000005839$lle025$o-$pE0.00$q-$rn$so $t0$u0$v0$w0$x0$y.i10140827$z27-06-02 996 $aServizi dell'informazione$91181157 997 $aUNISALENTO 998 $ale025$b01-01-96$cm$da $e-$fita$git $h2$i1 LEADER 01458nam 2200373Ia 450 001 9910700778303321 005 20110708165416.0 035 $a(CKB)5470000002411221 035 $a(OCoLC)740075090 035 $a(EXLCZ)995470000002411221 100 $a20110708d1994 ua 0 101 0 $aeng 135 $aurbn||||||||| 181 $ctxt$2rdacontent 182 $cc$2rdamedia 183 $acr$2rdacarrier 200 00$aPotential inadequacies in the prediction of torque requirement of and torque output for motor-operated butterfly valves$b[electronic resource] 210 1$aWashington, DC :$cU.S. Nuclear Regulatory Commission, Office of Nuclear Reactor Regulation,$d[1994] 215 $a1 online resource 225 1 $aNRC information notice ;$v94-69 300 $aTitle from HTML title screen (viewed on July 8, 2011). 300 $a"September 28, 1994." 517 3 $aPotential inadequacies in the prediction of torque requirement of and torque output for motor operated butterfly valves 606 $aButterfly valves 606 $aTorque 615 0$aButterfly valves. 615 0$aTorque. 712 02$aU.S. Nuclear Regulatory Commission.$bOffice of Nuclear Reactor Regulation. 801 0$bGPO 801 1$bGPO 906 $aBOOK 912 $a9910700778303321 996 $aPotential inadequacies in the prediction of torque requirement of and torque output for motor-operated butterfly valves$93217413 997 $aUNINA